000 00730nam a2200241 a 4500
008
020 _a1873836961 (hbk.)
049 _aMAIN
090 _aREFZ3501 AFR
245 1 0 _aAfrican Books in Print=Livres Africains Disponibles/
_cedited by Hans M. Zell
250 _a5th. ed.
260 _aLondon :
_bBowker-Saur,
_c2000
300 _av, 2250 p. ;
_c30 cm.
505 _aVol. 1-Subject index.
_tvol. 2 -Author and Title index.
500 _aIncludes Author,Subject and Titles index.
650 1 _aBibliogrphy
700 _aLomer,Cecile
907 _a.b1021656x
_b09-10-06
_c06-10-06
003
005 20230120191416.0
040 _cNUST
942 _cBOOKS
_kREFZ3501 AFR
999 _c100628
_d100628